Interactive 3D image storage and reproduction (Record no. 173076)
[ view plain ]
| 000 -LEADER | |
|---|---|
| fixed length control field | 00502nam a22001577a 4500 |
| 005 - DATE AND TIME OF LATEST TRANSACTION | |
| control field | 20230127155503.0 |
| 008 - FIXED-LENGTH DATA ELEMENTS--GENERAL INFORMATION | |
| fixed length control field | 170118b xxu||||| |||| 00| 0 eng d |
| 040 ## - CATALOGING SOURCE | |
| Transcribing agency | NUST |
| 082 ## - DEWEY DECIMAL CLASSIFICATION NUMBER | |
| Classification number | BSCS-2 IQB |
| 245 ## - TITLE STATEMENT | |
| Title | Interactive 3D image storage and reproduction |
| Statement of responsibility, etc. | Fatima Iqbal |
| 260 ## - PUBLICATION, DISTRIBUTION, ETC. | |
| Place of publication, distribution, etc. | (Islamabad) |
| Name of publisher, distributor, etc. | NUST-SEECS |
| Date of publication, distribution, etc. | 2016 |
| 300 ## - PHYSICAL DESCRIPTION | |
| Extent | 51p. |
| Accompanying material | CD INCLUDES |
| 521 ## - TARGET AUDIENCE NOTE | |
| Target audience note | Advisors: Fahad Ahmad Satti, Shamyl bin Mansoor |
| 856 ## - ELECTRONIC LOCATION AND ACCESS | |
| Uniform Resource Identifier | <a href="http://10.250.8.41:8080/xmlui/handle/123456789/8818">http://10.250.8.41:8080/xmlui/handle/123456789/8818</a> |
| 942 ## - ADDED ENTRY ELEMENTS (KOHA) | |
| Source of classification or shelving scheme | |
| Koha item type | Thesis |
| Withdrawn status | Lost status | Source of classification or shelving scheme | Damaged status | Not for loan | Permanent Location | Current Location | Shelving location | Date acquired | Source of acquisition | Full call number | Barcode | Date last seen | Price effective from | Koha item type |
|---|---|---|---|---|---|---|---|---|---|---|---|---|---|---|
| WITHDRAWN | Central Library (CL) | Central Library (CL) | Thesis | 01/18/2017 | NUST-SEECS | BSCS-2 IQB | SEECSP01926 | 01/18/2017 | 01/18/2017 | Thesis |
